|
|
|
|
| LEADER |
01493nam a2200313 u 4500 |
| 001 |
10020598 |
| 003 |
upatras |
| 005 |
20210117205445.0 |
| 008 |
990226s1996 uk eng |
| 020 |
|
|
|a 0077090020
|
| 040 |
|
|
|a GR-PaULI
|c GR-PaULI
|
| 041 |
0 |
|
|a eng
|
| 082 |
0 |
4 |
|a 658.8
|
| 100 |
1 |
|
|a Hankinson, Graham
|9 144778
|
| 245 |
1 |
0 |
|a The reality of global brands
|b cases and strategies for the successful management of international brands
|c Graham Hankinson and Philippa Cowking
|
| 260 |
|
|
|a London
|b The McGraw - Hill Companies
|c 1996
|
| 300 |
|
|
|a xvi, 258 p.
|b tab., phot.
|c 23 cm.
|
| 490 |
0 |
|
|a McGraw-Hill marketing for professionals series
|
| 504 |
|
|
|a Includes index
|
| 650 |
|
4 |
|a Διοίκηση και οργάνωση
|9 53
|
| 650 |
|
4 |
|a Παραγωγή
|x Διοίκηση και οργάνωση
|9 660
|
| 700 |
1 |
|
|a Cowking, Philippa
|9 144779
|
| 760 |
0 |
|
|a McGraw-Hill marketing for professionals series
|
| 852 |
|
|
|a GR-PaULI
|b ΠΑΤΡΑ
|b ΒΚΠ
|b ΒΣ1
|k ΑΣΧΞ
|h 658.8 HAN
|m 041060
|p 025000003161
|t 1
|
| 942 |
|
|
|2 ddc
|c BK15
|
| 952 |
|
|
|0 0
|1 0
|4 0
|6 658_800000000000000_HAN
|7 0
|9 180443
|a LISP
|b LISP
|c BSC
|d 2016-04-24
|i 041060
|l 3
|m 2
|o 658.8 HAN
|p 025000003161
|r 2022-11-04 00:00:00
|s 2022-09-23
|t 1
|w 2016-04-24
|y BK15
|
| 952 |
|
|
|0 0
|1 0
|2 ddc
|4 0
|6 658_834000000000000_3_HAN
|7 0
|9 248812
|a LISK-2
|b LISK-2
|c BSC
|d 2021-01-17
|e 24
|f 0
|g 0.00
|l 0
|o 658.834 3 HAN
|p 99243000008006
|r 2021-01-17 00:00:00
|t 1
|w 2021-01-17
|y BK15
|x GrPaTEI - Antirrio
|
| 998 |
|
|
|c ΗΛΙΟΠΟΥΛΟΥ
|d 1999-02
|
| 999 |
|
|
|c 111560
|d 111560
|